| 000 | 00817nam a2200241 a 4500 | ||
|---|---|---|---|
| 001 | 000014853 | ||
| 005 | 20200929163916.0 | ||
| 008 | 100123s1991 sp b 000 f spa d | ||
| 020 | _a8477300887 | ||
| 040 |
_aDO-SdBNP _bspa _cBNPHU |
||
| 041 | 1 | 7 |
_aspa _heng _2Código de idioma MARC |
| 082 |
_a813.54 _bC986d |
||
| 100 | 1 |
_aCussler, Clive, _d1931- _933655 |
|
| 240 | 1 | 0 |
_aDragon. _lEspañol |
| 245 | 1 | 0 |
_aDragón / _cClive cussler ; traducción de Francisco Rodríguez de Lecea. |
| 260 |
_aBarcelona : _bVidorama, _c1991. |
||
| 300 |
_a511 p. : _bmapa ; _c19 cm. |
||
| 534 |
_pTítulo en inglés: _tDragon _cClive Cussler Enterprises, 1990 |
||
| 650 | 4 |
_aNovela estadounidense _9262 |
|
| 650 | 4 |
_aLiteratura estadounidense _ySIGLO XX _96874 |
|
| 700 | 1 |
_aRodríguez de Lecea, Francisco, _etr. _933656 |
|
| 049 | _aBNGR | ||
| 999 |
_c14433 _d14433 |
||